[Event "MEX-ch"]
[Site "Pachuca"]
[Date "2024.05.19"]
[Round "9"]
[White "Gracia Alvarez, Gerardo Antonio"]
[Black "Ibarra Chami, Luis Fernando"]
[Result "1/2-1/2"]
[WhiteElo "2271"]
[BlackElo "2423"]
[PlyCount "118"]
[EventDate "2024.05.14"]
[EventType "swiss"]
[EventRounds "9"]
[EventCountry "MEX"]
[SourceTitle "CBM 220 Extra"]
[Source "ChessBase"]
[SourceDate "2024.07.31"]
[SourceVersion "1"]
[SourceVersionDate "2024.07.31"]
[SourceQuality "1"]

1. d4 d5 2. c4 e6 3. Nc3 a6 4. cxd5 exd5 5. Qb3 c5 6. Qxd5 cxd4 7. Qxd8+ Kxd8 8. Nd5 Be6 9. Nf4 Bb4+ 10. Bd2 Bxd2+ 11. Kxd2 Nf6 12. g3 Nc6 13. Bg2 Bf5 14. Rc1 Re8 15. Bxc6 bxc6 16. Nf3 Ne4+ 17. Ke1 c5 18. Nh4 Bd7 19. f3 g5 20. fxe4 gxf4 21. Ng2 Rxe4 22. Nxf4 Rc8 23. b3 Bb5 24. Kd2 Ke7 25. Rhf1 Re5 26. Rf2 c4 27. bxc4 Rxc4 28. Nd3 Rxc1 29. Nxc1 Bc4 30. Rf4 Ra5 31. Rxd4 Bxa2 32. Nxa2 Rxa2+ 33. Kd3 Ra5 34. Re4+ Kf6 35. Rf4+ Kg6 36. Rg4+ Rg5 37. Ra4 a5 38. Rd4 Rh5 39. h4 Rb5 40. Ke3 Rb3+ 41. Kf2 Rb6 42. Ra4 Ra6 43. g4 Kf6 44. Ke3 Ke5 45. Kd3 Kd5 46. Kc3 Rc6+ 47. Kb3 Rc5 48. Rf4 Rb5+ 49. Kc3 Ke6 50. Rc4 Rb4 51. Rc6+ Ke7 52. Rh6 Rxg4 53. Rxh7 Kf6 54. Rh6+ Kg7 55. Ra6 a4 56. h5 Rf4 57. Kd2 Kh7 58. Ke3 Rh4 59. Kf2 Rxh5 1/2-1/2

[Event "MEX-ch"]
[Site "Pachuca"]
[Date "2024.05.16"]
[Round "3"]
[White "Ibarra Chami, Luis Fernando"]
[Black "Sandoval Mercado, Carlos"]
[Result "1/2-1/2"]
[WhiteElo "2423"]
[BlackElo "2378"]
[PlyCount "101"]
[EventDate "2024.05.14"]
[EventType "swiss"]
[EventRounds "9"]
[EventCountry "MEX"]
[SourceTitle "CBM 220 Extra"]
[Source "ChessBase"]
[SourceDate "2024.07.31"]
[SourceVersion "1"]
[SourceVersionDate "2024.07.31"]
[SourceQuality "1"]

1. e4 c5 2. Nf3 Nc6 3. Bb5 g6 4. 0-0 Bg7 5. Re1 e5 6. c3 Nge7 7. d3 0-0 8. Nbd2 a6 9. Bc4 b5 10. Bb3 d6 11. a4 Bd7 12. axb5 axb5 13. Rxa8 Qxa8 14. Nf1 h6 15. Ne3 Qa6 16. h4 Kh8 17. h5 f5 18. hxg6 f4 19. Ng5 c4 20. dxc4 fxe3 21. Nf7+ Rxf7 22. gxf7 exf2+ 23. Kxf2 Nd8 24. Qf3 Ng6 25. Bxh6 Bxh6 26. Qf6+ Kh7 27. Qxd8 Qa7+ 28. Kf1 Nf8 29. Qe7 Qc5 30. Re2 Bg4 31. Re1 Be6 32. Qf6 bxc4 33. Bd1 Qb6 34. Qf2 Qxf2+ 35. Kxf2 Bc1 36. Bg4 Bxb2 37. Bxe6 Nxe6 38. Rd1 Bxc3 39. Rxd6 Bd4+ 40. Kg3 Nf8 41. Kg4 Kg7 42. Rc6 c3 43. Kf5 Kxf7 44. g4 Nd7 45. g5 Nc5 46. g6+ Kg8 47. Rc8+ Kg7 48. Rc7+ Kg8 49. Rc8+ Kg7 50. Rc7+ Kg8 51. Rc8+ 1/2-1/2

[Event "MEX-ch"]
[Site "Mexico City"]
[Date "2023.11.09"]
[Round "3"]
[White "Morales Garcia, Sergio Joshafatt"]
[Black "Ibarra Chami, Luis Fernando"]
[Result "0-1"]
[WhiteElo "2204"]
[BlackElo "2432"]
[PlyCount "90"]
[EventDate "2023.11.07"]
[EventType "swiss"]
[EventRounds "9"]
[EventCountry "MEX"]
[SourceTitle "CBM 217 Extra"]
[Source "ChessBase"]
[SourceDate "2024.01.31"]
[SourceVersion "1"]
[SourceVersionDate "2024.01.31"]
[SourceQuality "1"]

1. d4 Nf6 2. c4 e6 3. Nf3 a6 4. Nc3 d5 5. cxd5 exd5 6. Bg5 Be6 7. e3 Nbd7 8. Bd3 Bd6 9. h3 c6 10. Bf4 Qc7 11. Qd2 0-0 12. 0-0 Rfd8 13. Rac1 h6 14. Bxd6 Qxd6 15. Na4 Qe7 16. Ne5 Ne4 17. Qc2 Nf8 18. Nc5 Nd6 19. Qe2 f6 20. Nf3 Bf5 21. Bxf5 Nxf5 22. Qd3 Nd6 23. Rc2 Ne6 24. Nd2 Qf7 25. Rfc1 Re8 26. b3 Re7 27. Nxe6 Rxe6 28. Nf3 Rae8 29. a4 g5 30. b4 R6e7 31. Nd2 Kh8 32. Nf1 h5 33. Ng3 h4 34. Nf1 Rg8 35. Nh2 f5 36. Nf3 Qh5 37. Ne5 g4 38. hxg4 fxg4 39. b5 axb5 40. axb5 Nxb5 41. Nxc6 bxc6 42. Rxc6 g3 43. f3 h3 44. gxh3 Qxh3 45. R1c2 g2 0-1

[Event "FIDE World Cup"]
[Site "Baku"]
[Date "2023.07.31"]
[Round "1.2"]
[White "Puranik, Abhimanyu Sameer"]
[Black "Ibarra Chami, Luis Fernando"]
[Result "1-0"]
[WhiteElo "2605"]
[BlackElo "2448"]
[PlyCount "73"]
[EventDate "2023.07.30"]
[EventType "k.o."]
[EventRounds "8"]
[EventCountry "AZE"]
[SourceTitle "CBM 216"]
[Source "ChessBase"]
[SourceDate "2023.10.31"]
[SourceVersion "1"]
[SourceVersionDate "2023.10.31"]
[SourceQuality "1"]

1. e4 e5 2. Nf3 Nc6 3. Bb5 a6 4. Ba4 Nf6 5. 0-0 Be7 6. Re1 b5 7. Bb3 d6 8. c3 0-0 9. h3 Nb8 10. d4 Nbd7 11. Nbd2 Bb7 12. Bc2 Re8 13. Nf1 Bf8 14. Ng3 g6 15. b3 Bg7 16. d5 Nb6 17. Rb1 c6 18. c4 Qc7 19. Bd3 Rab8 20. Bd2 Nbd7 21. Bf1 Rec8 22. Rc1 bxc4 23. dxc6 Bxc6 24. Bxc4 Qb7 25. Bc3 Nb6 26. Bd3 Nfd7 27. a4 Nc5 28. a5 Bh6 29. axb6 Bxc1 30. Bc4 Bf4 31. Qxd6 Bb5 32. Nxe5 Ne6 33. Bxe6 Rxc3 34. Bxf7+ Qxf7 35. Qxb8+ Kg7 36. b7 Bc6 37. Qd6 1-0

[Event "Caribbean-chT 24th"]
[Site "San Salvador"]
[Date "2023.07.06"]
[Round "13.2"]
[White "Cardoso Cardoso, Jose Gabriel"]
[Black "Ibarra Chami, Luis Fernando"]
[Result "1-0"]
[WhiteElo "2484"]
[BlackElo "2450"]
[PlyCount "51"]
[EventDate "2023.07.06"]
[EventType "tourn"]
[EventRounds "15"]
[EventCountry "ESA"]
[SourceTitle "CBM 215 Extra"]
[Source "ChessBase"]
[SourceDate "2023.09.30"]
[SourceVersion "1"]
[SourceVersionDate "2023.09.30"]
[SourceQuality "1"]
[WhiteTeam "Colombia"]
[BlackTeam "Mexico"]
[WhiteTeamCountry "COL"]
[BlackTeamCountry "MEX"]

1. d4 Nf6 2. c4 e6 3. Nc3 Bb4 4. e3 d5 5. cxd5 exd5 6. Bd3 0-0 7. a3 Bxc3+ 8. bxc3 b6 9. Ne2 Ba6 10. f3 Re8 11. 0-0 Bxd3 12. Qxd3 c5 13. Ng3 Nc6 14. Bb2 Qd7 15. Rad1 Rad8 16. e4 dxe4 17. fxe4 Qg4 18. Rde1 Ne5 19. Qc2 Nc4 20. e5 Nd5 21. Rf3 Nxb2 22. Qxb2 cxd4 23. cxd4 Re7 24. Qf2 Qg6 25. Nf5 Red7 26. Rg3 1-0

[Event "Toronto Excelsior op"]
[Site "Toronto"]
[Date "2023.03.12"]
[Round "4"]
[White "Ibarra Chami, Luis Fernando"]
[Black "Desikan, Ajith"]
[Result "1-0"]
[WhiteElo "2447"]
[BlackElo "1507"]
[PlyCount "49"]
[EventDate "2023.03.10"]
[EventType "swiss"]
[EventRounds "5"]
[EventCountry "CAN"]
[SourceTitle "CBM 213 Extra"]
[Source "ChessBase"]
[SourceDate "2023.05.31"]
[SourceVersion "1"]
[SourceVersionDate "2023.05.31"]
[SourceQuality "1"]

1. c4 e5 2. Nc3 Nf6 3. g3 Nc6 4. Bg2 Bb4 5. Nf3 0-0 6. 0-0 d5 7. cxd5 Nxd5 8. Nxe5 Nxe5 9. Nxd5 Ba5 10. d4 Ng6 11. b4 Be6 12. bxa5 Bxd5 13. e4 Bc4 14. Re1 c6 15. Qd2 Qc7 16. Qc3 Ba6 17. Ba3 Rfe8 18. f4 Qd7 19. Rad1 b6 20. h4 Rad8 21. Kh2 Bc8 22. Bb2 f6 23. f5 Ne7 24. axb6 axb6 25. Qb3+ 1-0